000 00602nam a2200205Ia 4500
003 GCL
008 140319s9999 xx 000 0 ara d
040 _aGCL /
_cGCL
082 0 4 _a929.1
_bو ا
100 1 _aعبدالحميد يونس (مراجعه)
245 1 0 _aايسوب /
_cعبدالحميد يونس (مراجعه)
700 1 _aوينتل، ا د
700 1 _aمختار الوكيل
300 _a202
490 _aالالف كتاب
_v0
650 0 4 _aالفلاسفةاليونانيون
650 0 4 _aالفلسفة اليونانية
650 0 4 _aايسوب
942 _2ddc
_cBK
999 _c44286
_d44286